|
|
|
|
| LEADER |
00000cam a2200000 a 4500 |
| 001 |
34447 |
| 003 |
CZ-ZlUTB |
| 005 |
20190826000441.0 |
| 007 |
ta |
| 008 |
071017s2007 xr ab e 001 0 cze |
| 020 |
|
|
|a 9788087067207
|q (váz.)
|
| 040 |
|
|
|a ABA001
|b cze
|d ZLD002
|
| 041 |
1 |
|
|a cze
|h eng
|
| 072 |
|
7 |
|a 33
|x Ekonomie
|2 Konspekt
|9 4
|
| 080 |
|
|
|a 330.342.14
|2 MRF
|
| 080 |
|
|
|a 316.7+008
|2 MRF
|
| 080 |
|
|
|a 316.722
|2 MRF
|
| 080 |
|
|
|a 330.35
|2 MRF
|
| 080 |
|
|
|a (048.8)
|2 MRF
|
| 100 |
1 |
|
|a Soto, Hernando de,
|d 1941-
|7 kup19950000093364
|4 aut
|
| 245 |
1 |
0 |
|a Mystérium kapitálu :
|b proč kapitalismus triumfuje na Západě a selhává všude jinde na světě /
|c Hernando de Soto ; [z anglického originálu ... přeložil Radovan Baroš]
|
| 250 |
|
|
|a Vyd. v této podobě 1.
|
| 260 |
|
|
|a V Praze :
|b Rybka,
|c 2007
|
| 300 |
|
|
|a 253 s. :
|b il., mapy ;
|c 24 cm
|
| 504 |
|
|
|a Obsahuje bibliografické odkazy a rejstřík
|
| 650 |
0 |
7 |
|a kapitalismus
|7 ph121442
|2 czenas
|
| 650 |
0 |
7 |
|a civilizace
|7 ph119248
|2 czenas
|
| 650 |
0 |
7 |
|a Východ a Západ
|7 ph136833
|2 czenas
|
| 650 |
0 |
7 |
|a ekonomický růst
|7 ph114429
|2 czenas
|
| 650 |
0 |
7 |
|a politologie
|7 ph115796
|2 czenas
|
| 655 |
|
7 |
|a studie
|7 fd133597
|2 czenas
|
| 765 |
0 |
|
|t Mystery of capital
|9 Česky
|
| 910 |
|
|
|a ZLD002
|
| 952 |
|
|
|0 0
|1 0
|2 udc
|4 0
|6 33SOTOH
|7 0
|8 BOOK
|9 79212
|a UTBZL
|b UTBZL
|c 030
|d 2007-12-05
|l 0
|o 33/SOTO,H.
|p 420010113276
|r 2019-08-26 00:00:00
|v 299.00
|w 2019-08-26
|x N:nákup | 20100831
|y 05
|
| 952 |
|
|
|0 0
|1 0
|4 0
|6 33SOTOH
|7 0
|8 BOOK
|9 79213
|a UTBZL
|b UTBZL
|c 006
|d 2007-12-05
|l 6
|o 33/SOTO,H.
|p 420010113277
|r 2019-08-26 00:00:00
|v 299.00
|w 2019-08-26
|x N:nákup
|y 04
|
| 992 |
|
|
|a BK
|b SK
|d 6
|
| 999 |
|
|
|c 34447
|d 34447
|